000 00673cam a2200205 a 4500
020 _a0470038152 (cdrom)
020 _a9780470038154 (cdrom)
050 0 0 _aHF 5657.4
_b.J53 2007
100 1 _aJiambalvo, James,
_d1948-
245 1 0 _aManagerial accounting /
_cJames Jiambalvo.
250 _a3rd ed.
260 _aHoboken, NJ :
_bWiley,
_cc2007.
300 _a 594 p. :
500 _aIncludes index.
650 0 _bAccounting.
856 4 1 _uhttp://www.loc.gov/catdir/toc/ecip072/2006032782.html
856 4 2 _uhttp://www.loc.gov/catdir/enhancements/fy0814/2006032782-b.html
856 4 2 _uhttp://www.loc.gov/catdir/enhancements/fy0814/2006032782-d.html
942 _2lcc
_cGEN
999 _c5139
_d5139